Name the Jojo Siwa Songs 2016-2024 - Statistics

General Stats
  • This quiz has been taken 34 times
  • The average score is 5 of 25
Answer Stats
Year Song % Correct
2024 Karma
92%
2016 Boomerang
83%
2017 Kid in a Candy Store
46%
2018 D.R.E.A.M.
29%
2017 Hold the Drama
29%
2018 High Top Shoes
25%
2019 Bop!
21%
2018 Every Girls a Super Girl
17%
2018 Everyday Popstars
13%
2021 Nobody Can Change Me!
13%
2021 Back to that Girl
8%
2021 Dance Through the Day
8%
2020 It's Christmas Now!
8%
2019 It's Time to Celebrate
8%
2018 My Story
8%
2021 U-N-I
8%
2020 Where are you Christmas?
8%
2019 Worldwide Party
8%
2019 #1U
4%
2021 One Chance
4%
2018 Only Getting Better
4%
2021 Outta the Park
4%
2020 Run Run Rudolph
4%
2020 Santa Claus is Coming to Town
4%
2020 Notstop
0%
No matching quizzes found
Score Distribution
Percent of People with Each Score
Percentile by Number Answered
Your Score History
You have not taken this quiz